Science Quiz

Random Science or Elements Quiz

Elements: Before V, W and X Quiz Stats

 Plays Quiz not verified by Sporcle

Challenge
Share
Tweet
Embed
Score 0/6 Timer 02:00
0 Plays Today
Letter Combination Name of Element % Correct
OXOxygen
98.5%
LVSilver
83.3%
AWLawrencium
79.5%
EVMendelevium
78.8%
IVLivermorium
75.8%
OVFlerovium
64.4%

You're not logged in!

Compare scores with friends on all Sporcle quizzes.
Join for Free
OR
Log In

You Might Also Like...

Show Comments

Extras

Top Quizzes Today


Score Distribution

Your Account Isn't Verified!

In order to create a playlist on Sporcle, you need to verify the email address you used during registration. Go to your Sporcle Settings to finish the process.

Report this User

Report this user for behavior that violates our Community Guidelines.

Details: